000 00323nam a22001097a 4500
040 _cSK
082 _a571
100 _aROBERT MARTIN
245 _aរុក្ខជាតិចង្រៃនៃដំណាំចំការក្នុងប្រទេសកម្ពុជា
260 _aACIAR
_bROB
_c2009
942 _cKB
999 _c9545
_d9545